[Event "Junior Online 4NCL Division 5"]
[Site "online"]
[Date "2020.04.30"]
[Round "3.33"]
[White "Cloonan, Mark"]
[Black "Naef Schmid, Ianto"]
[Result "1-0"]
[WhiteElo "963"]
[BlackElo "1307"]
[PlyCount "75"]
[EventDate "2020.04.30"]
[WhiteTeam "Gonzaga College SJ C"]
[BlackTeam "Wey 2"]

1. e4 c5 2. Nf3 Nc6 3. Bb5 g6 4. O-O Bg7 5. Nc3 a6 6. Bxc6 dxc6 7. d3 e5 8. Be3
b6 9. Ne2 Ne7 10. c3 Bg4 11. Ng3 O-O 12. h3 Bxf3 13. Qxf3 Qxd3 14. Rfd1 Qb5 15.
b3 a5 16. Rd7 Nc8 17. c4 Qa6 18. Rc7 Na7 19. Bd2 Rac8 20. Re7 Rcd8 21. Bc3 Rde8
22. Rxe8 Rxe8 23. Rd1 Qc8 24. Bb2 Rd8 25. Qg4 Qb8 26. Rxd8+ Qxd8 27. Kh2 b5 28.
Qe2 bxc4 29. Qxc4 Kf8 30. Qxc5+ Kg8 31. Qxa7 Qd2 32. Qb8+ Bf8 33. Bxe5 Qxf2 34.
Bd6 Kg7 35. Qxf8+ Kf6 36. Qe7+ Kg7 37. Be5+ Kg8 38. Qe8# 1-0

[Event "Junior Online 4NCL Division 5"]
[Site "online"]
[Date "2020.04.30"]
[Round "3.34"]
[White "Mandell, Eli"]
[Black "O'Boyle, Emmet"]
[Result "1-0"]
[WhiteElo "1232"]
[BlackElo "887"]
[PlyCount "117"]
[EventDate "2020.04.30"]
[WhiteTeam "Wey 2"]
[BlackTeam "Gonzaga College SJ C"]

1. d4 Nf6 2. Bf4 g6 3. Nc3 Bg7 4. Nf3 O-O 5. e3 d6 6. Bd3 Nbd7 7. Qd2 Re8 8.
O-O-O e5 9. dxe5 Nxe5 10. Nxe5 dxe5 11. Bg5 Be6 12. Rhe1 a5 13. Bb5 Qxd2+ 14.
Rxd2 c6 15. Bd3 b5 16. f4 Nd5 17. Be4 Nxc3 18. bxc3 Rec8 19. a3 Bf8 20. Bf6
Bxa3+ 21. Kd1 Bg4+ 22. Bf3 h5 23. Bxg4 hxg4 24. Bxe5 b4 25. cxb4 Bxb4 26. c3
Bf8 27. Ree2 a4 28. Ra2 a3 29. c4 Rd8+ 30. Bd4 Bg7 31. Red2 Bxd4 32. exd4 c5
33. dxc5 Rxd2+ 34. Kxd2 Ra4 35. Kc3 Ra5 36. Kb4 Ra8 37. Rxa3 Rb8+ 38. Ka5 Ra8+
39. Kb4 Rb8+ 40. Kc3 Rc8 41. Kb4 Rb8+ 42. Kc3 Rc8 43. Kd4 Rd8+ 44. Ke5 Kg7 45.
Ra6 Re8+ 46. Kd6 Re6+ 47. Kd5 Rxa6 48. c6 Ra5+ 49. Kd6 Kf8 50. Kd7 Ra3 51. c7
Rd3+ 52. Kc8 Ke7 53. Kb7 Rd7 54. c5 Ke6 55. c6 Re7 56. Kb8 Re8+ 57. c8=Q+ Rxc8+
58. Kxc8 Kd6 59. c7 1-0

[Event "Junior Online 4NCL Division 5"]
[Site "online"]
[Date "2020.04.30"]
[Round "3.35"]
[White "Weedon, Arlo"]
[Black "McIntyre, Jack"]
[Result "0-1"]
[WhiteElo "1330"]
[BlackElo "1376"]
[PlyCount "104"]
[EventDate "2020.04.30"]
[WhiteTeam "Wey 2"]
[BlackTeam "Gonzaga College SJ C"]

1. e4 e5 2. Nf3 Nc6 3. Bc4 Bc5 4. O-O Nf6 5. Nc3 O-O 6. d3 h6 7. h3 Na5 8. Nxe5
d6 9. Nf3 Nxc4 10. dxc4 Be6 11. Qd3 Re8 12. e5 dxe5 13. Nxe5 Bd4 14. Qg3 Bxe5
15. Qxe5 Bxc4 16. Qg3 Bxf1 17. Bxh6 g6 18. Rxf1 c6 19. b4 Qd4 20. a3 Nh5 21.
Qf3 Re6 22. g4 Nf6 23. g5 Nd5 24. Nxd5 Qxd5 25. Qc3 Qe5 26. Qd3 Rd6 27. Qf3
Rad8 28. Kg2 Qd5 29. Qxd5 Rxd5 30. c3 Rd3 31. Rc1 Re8 32. Rc2 Re1 33. a4 Re4
34. f3 Ree3 35. c4 Rxf3 36. h4 Rfe3 37. b5 c5 38. a5 Rd4 39. b6 a6 40. Kf2 Ree4
41. Kf3 Rxc4 42. Rd2 Rcd4 43. Rc2 c4 44. Rc3 Rd3+ 45. Kxe4 Rxc3 46. Kd4 Rc1 47.
Ke3 Rd1 48. Ke4 c3 49. Ke5 c2 50. Kf6 c1=Q 51. Bf8 Kxf8 52. h5 Qf4# 0-1

[Event "Junior Online 4NCL Division 5"]
[Site "online"]
[Date "2020.04.30"]
[Round "3.36"]
[White "He, Andrew"]
[Black "Weedon, Oscar"]
[Result "1-0"]
[WhiteElo "1207"]
[BlackElo "1352"]
[PlyCount "81"]
[EventDate "2020.04.30"]
[WhiteTeam "Gonzaga College SJ C"]
[BlackTeam "Wey 2"]

1. e4 e5 2. Nf3 Nc6 3. d4 d6 4. dxe5 dxe5 5. Qxd8+ Nxd8 6. Nxe5 Bd6 7. Nf3 Nf6
8. Nc3 O-O 9. Bd3 Re8 10. O-O Nc6 11. Bg5 Be7 12. Rfe1 h6 13. Bf4 Bd6 14. Bxd6
cxd6 15. Rad1 Be6 16. Bb5 a6 17. Bxc6 bxc6 18. Rxd6 Bd7 19. e5 Bg4 20. exf6
Bxf3 21. Rxe8+ Rxe8 22. gxf3 gxf6 23. Rxf6 Kg7 24. Rxc6 Rb8 25. b3 a5 26. Rc5
Ra8 27. Ne4 Kg6 28. Nd6 Ra7 29. Kg2 Rd7 30. Ne4 Ra7 31. Kg3 f5 32. Nd6 Ra6 33.
Nc4 Kg5 34. Rxa5 Rc6 35. f4+ Kg6 36. Kh4 Rd6 37. Ne3 Rf6 38. Kg3 h5 39. Rxf5
Rxf5 40. Nxf5 Kxf5 41. a4 1-0

[Event "Junior Online 4NCL Division 5"]
[Site "online"]
[Date "2020.04.30"]
[Round "3.37"]
[White "Naef Schmid, Ianto"]
[Black "Cloonan, Mark"]
[Result "1/2-1/2"]
[WhiteElo "1307"]
[BlackElo "963"]
[PlyCount "110"]
[EventDate "2020.04.30"]
[WhiteTeam "Wey 2"]
[BlackTeam "Gonzaga College SJ C"]

1. e4 e5 2. Nf3 Nc6 3. Bc4 h6 4. O-O Nf6 5. d4 exd4 6. Nxd4 Nxd4 7. Qxd4 d6 8.
Nc3 Be7 9. Re1 O-O 10. h3 c5 11. Qd1 b6 12. Bf4 a6 13. e5 dxe5 14. Bxe5 Qxd1
15. Raxd1 Bb7 16. Bxf6 Bxf6 17. Rd7 Bxc3 18. bxc3 Bc6 19. Rc7 Bb5 20. Bxb5 axb5
21. Ree7 Rxa2 22. Rb7 Rxc2 23. Rxb6 Rxc3 24. Rxb5 Rc1+ 25. Kh2 c4 26. Rc5 Rc2
27. f3 Rd8 28. Rec7 Rdd2 29. Rc8+ Kh7 30. Kg3 Rxg2+ 31. Kf4 Rc3 32. Rxc4 Rxc4+
33. Rxc4 g5+ 34. Kf5 Rg3 35. f4 gxf4 36. Kxf4 Rxh3 37. Rc7 Kg6 38. Kg4 Rh1 39.
Kg3 f5 40. Rc6+ Kg5 41. Kg2 Rh4 42. Rc5 Rg4+ 43. Kh3 Rh4+ 44. Kg3 h5 45. Rxf5+
Kxf5 46. Kxh4 Kg6 47. Kh3 Kg5 48. Kg3 h4+ 49. Kh3 Kh5 50. Kh2 Kg4 51. Kg2 h3+
52. Kh2 Kh4 53. Kh1 Kg3 54. Kg1 h2+ 55. Kh1 Kh3 1/2-1/2

[Event "Junior Online 4NCL Division 5"]
[Site "online"]
[Date "2020.04.30"]
[Round "3.38"]
[White "O'Boyle, Emmet"]
[Black "Mandell, Eli"]
[Result "0-1"]
[WhiteElo "887"]
[BlackElo "1232"]
[PlyCount "70"]
[EventDate "2020.04.30"]
[WhiteTeam "Gonzaga College SJ C"]
[BlackTeam "Wey 2"]

1. e4 e6 2. d4 Nc6 3. Nf3 Nf6 4. Bd3 g6 5. c3 Bg7 6. Bg5 h6 7. Bf4 Nh5 8. Be3
Nf6 9. Nbd2 d6 10. Qc2 Bd7 11. O-O-O O-O 12. h3 e5 13. g4 exd4 14. Nxd4 Nxd4
15. Bxd4 Qe8 16. f4 Ba4 17. Nb3 Bc6 18. e5 dxe5 19. Bxe5 Qe7 20. Rhg1 Bf3 21.
Rde1 Qd8 22. Rg3 Bc6 23. h4 Re8 24. g5 Nh5 25. Rge3 Bxe5 26. fxe5 hxg5 27. hxg5
Qxg5 28. Kb1 Rad8 29. e6 fxe6 30. Rxe6 Rxe6 31. Rxe6 Nf4 32. Re1 Nxd3 33. Rd1
Be4 34. Nc1 Nf2 35. Rxd8+ Qxd8 0-1

[Event "Junior Online 4NCL Division 5"]
[Site "online"]
[Date "2020.04.30"]
[Round "3.41"]
[White "Patel, Zain"]
[Black "Lyons, Joseph"]
[Result "1-0"]
[WhiteElo "1472"]
[BlackElo "1277"]
[PlyCount "77"]
[EventDate "2020.04.30"]
[WhiteTeam "Hammersmith 2"]
[BlackTeam "May the Fork Be With You 2"]

1. e4 e5 2. Nf3 Nc6 3. Bc4 Be7 4. O-O d6 5. d4 Bg4 6. Nc3 Nxd4 7. Be2 Bxf3 8.
Bxf3 Nf6 9. Be2 O-O 10. Bd3 d5 11. exd5 Nxd5 12. Nxd5 Qxd5 13. c3 Ne6 14. Bxh7+
Kxh7 15. Qxd5 Rh8 16. Qxb7 Bd6 17. Qe4+ g6 18. Qe3 Kg7 19. Qf3 Rxh2 20. Qxa8
Rh4 21. Qxa7 Nf4 22. Bxf4 exf4 23. Qd4+ f6 24. Rae1 Kf7 25. Qd5+ Kf8 26. Qd4
Kf7 27. a4 g5 28. a5 f3 29. Qd5+ Kg6 30. g3 Ra4 31. g4 Bf8 32. Qf5+ Kh6 33.
Qxf6+ Kh7 34. Qxf8 Rxg4+ 35. Kh2 Rg2+ 36. Kh3 g4+ 37. Kh4 Kg6 38. Re6+ Kh7 39.
Rh6# 1-0

[Event "Junior Online 4NCL Division 5"]
[Site "online"]
[Date "2020.04.30"]
[Round "3.42"]
[White "Gill, Veer"]
[Black "Ward, Cian"]
[Result "0-1"]
[WhiteElo "1285"]
[BlackElo "1465"]
[PlyCount "122"]
[EventDate "2020.04.30"]
[WhiteTeam "May the Fork Be With You 2"]
[BlackTeam "Hammersmith 2"]

1. d4 d5 2. c4 c6 3. Nc3 Nf6 4. Bg5 e6 5. Nf3 Bb4 6. e3 Qa5 7. Qb3 Ne4 8. Rc1
Bxc3+ 9. bxc3 Qb6 10. Qxb6 axb6 11. Bd3 Rxa2 12. O-O Nd2 13. Nxd2 Rxd2 14. Rcd1
Rxd1 15. Rxd1 h6 16. Bf4 Nd7 17. e4 dxe4 18. Bxe4 Nf6 19. Bf3 O-O 20. Rb1 Nd7
21. d5 cxd5 22. cxd5 exd5 23. Bxd5 Re8 24. h3 Nf6 25. Bf3 Re6 26. Bg4 Nxg4 27.
hxg4 Rc6 28. Bd2 Bxg4 29. f3 Bf5 30. g4 Bxb1 31. Kg2 b5 32. Kg3 Bd3 33. Kf4
Rf6+ 34. Ke3 Bc2 35. Kf2 Bd1 36. Ke1 Bxf3 37. Bc1 Bxg4 38. Kd2 h5 39. Ke3 Rf3+
40. Kd4 h4 41. Be3 h3 42. Bg1 Rf1 43. Bh2 Rh1 44. Bg3 Rd1+ 45. Kc5 Rd2 46. Kxb5
h2 47. Bxh2 Rxh2 48. c4 Be2 49. Kb6 Bxc4 50. Kxb7 g5 51. Kc6 Bb5+ 52. Kxb5 g4
53. Kc4 g3 54. Kd3 g2 55. Ke3 g1=Q+ 56. Kf3 Rf2+ 57. Ke3 Qe1+ 58. Kd3 Rd2+ 59.
Kc4 Qc1+ 60. Kb3 Rb2+ 61. Ka4 Qa1# 0-1

[Event "Junior Online 4NCL Division 5"]
[Site "online"]
[Date "2020.04.30"]
[Round "3.43"]
[White "Hatem, Mika"]
[Black "Joshi, Aarav"]
[Result "0-1"]
[WhiteElo "1450"]
[BlackElo "1150"]
[PlyCount "58"]
[EventDate "2020.04.30"]
[WhiteTeam "Hammersmith 2"]
[BlackTeam "May the Fork Be With You 2"]

1. e4 c5 2. Nf3 d6 3. d4 cxd4 4. Nxd4 Nf6 5. Nc3 g6 6. Be3 Bg7 7. Bc4 O-O 8.
O-O Ng4 9. Qd2 Nxe3 10. Qxe3 Nc6 11. Nce2 Qb6 12. c3 Qxb2 13. Rab1 Qa3 14. Nb5
Qa5 15. Ng3 Ne5 16. Bb3 Bd7 17. Nd4 Rac8 18. f4 Rxc3 19. Qd2 Nc6 20. Nxc6 Bxc6
21. Ne2 Bxe4 22. Rbc1 Rc5 23. Qxa5 Rxa5 24. Ng3 Bd4+ 25. Kh1 Bc6 26. f5 Be5 27.
fxg6 hxg6 28. Rcd1 Kg7 29. Rd3 Bb5 0-1

[Event "Junior Online 4NCL Division 5"]
[Site "online"]
[Date "2020.04.30"]
[Round "3.44"]
[White "Datta, Ishan"]
[Black "Harb, Laith A"]
[Result "0-1"]
[WhiteElo "1195"]
[BlackElo "1390"]
[PlyCount "110"]
[EventDate "2020.04.30"]
[WhiteTeam "May the Fork Be With You 2"]
[BlackTeam "Hammersmith 2"]

1. d4 d5 2. c4 e6 3. Nc3 Nf6 4. Bg5 Be7 5. Nf3 Nbd7 6. e3 O-O 7. Bd3 b6 8. O-O
Bb7 9. h3 c5 10. Bxf6 Bxf6 11. cxd5 exd5 12. Bb1 cxd4 13. exd4 Be7 14. Qc2 Nf6
15. Ng5 h6 16. Nh7 g6 17. Nxf8 Qxf8 18. Qb3 h5 19. Bd3 Qd8 20. Rae1 Qd6 21. Qd1
Bd8 22. Nb5 Qf4 23. Qf3 Qxf3 24. gxf3 a6 25. Nd6 Bc6 26. b4 Bc7 27. b5 Bd7 28.
Ne4 dxe4 29. Bxe4 Nxe4 30. Rxe4 Bxh3 31. Rfe1 axb5 32. Re8+ Rxe8 33. Rxe8+ Kg7
34. d5 b4 35. Rd8 Bxd8 36. d6 Be6 37. Kg2 b3 38. axb3 Bxb3 39. Kg3 Ba2 40. Kg2
b5 41. Kg3 b4 42. Kf4 b3 43. Ke3 b2 44. Ke4 b1=Q+ 45. Kf4 Qf5+ 46. Kg3 g5 47.
Kg2 g4 48. Kf1 gxf3 49. Kg1 Qg4+ 50. Kf1 Bc4+ 51. Ke1 Ba5+ 52. Kd1 Qd4+ 53. Kc1
Qc3+ 54. Kd1 Bd3 55. d7 Qc2# 0-1

[Event "Junior Online 4NCL Division 5"]
[Site "online"]
[Date "2020.04.30"]
[Round "3.45"]
[White "Lyons, Joseph"]
[Black "Patel, Zain"]
[Result "0-1"]
[WhiteElo "1277"]
[BlackElo "1472"]
[PlyCount "106"]
[EventDate "2020.04.30"]
[WhiteTeam "May the Fork Be With You 2"]
[BlackTeam "Hammersmith 2"]

1. e4 c5 2. Bc4 d6 3. Nf3 Nf6 4. Nc3 a6 5. a4 e6 6. Qe2 Nbd7 7. O-O b6 8. d3
Bb7 9. Bg5 Be7 10. b3 Nxe4 11. Nxe4 Bxe4 12. dxe4 Bxg5 13. Rfd1 O-O 14. Rxd6
Qf6 15. Nxg5 Qxa1+ 16. Rd1 Qf6 17. Nf3 Ne5 18. Nxe5 Qxe5 19. g3 Rad8 20. Bxa6
Rxd1+ 21. Qxd1 Qxe4 22. h4 h6 23. c3 Qa8 24. Qe2 e5 25. Bd3 Rd8 26. Qe4 Qxe4
27. Bxe4 g6 28. Kf1 f5 29. Bc6 Rd3 30. c4 Rxb3 31. Ke2 Rb4 32. Bb5 Kf7 33. Kd3
Ke6 34. f3 Rb3+ 35. Kc2 Rxf3 36. Kd2 Rxg3 37. Ke2 Rh3 38. Kf2 Rxh4 39. Kg3 Rd4
40. Kf3 h5 41. Ke3 g5 42. Bc6 f4+ 43. Kf3 g4+ 44. Kf2 Rd2+ 45. Ke1 Ra2 46. Kf1
Kf5 47. Bd7+ Ke4 48. Bc6+ Ke3 49. Kg1 h4 50. Kf1 e4 51. Bd7 g3 52. Bh3 f3 53.
Ke1 Ra1# 0-1

[Event "Junior Online 4NCL Division 5"]
[Site "online"]
[Date "2020.04.30"]
[Round "3.46"]
[White "Ward, Cian"]
[Black "Gill, Veer"]
[Result "1-0"]
[WhiteElo "1465"]
[BlackElo "1285"]
[PlyCount "59"]
[EventDate "2020.04.30"]
[WhiteTeam "Hammersmith 2"]
[BlackTeam "May the Fork Be With You 2"]

1. e4 e5 2. Nf3 Nc6 3. d4 exd4 4. Nxd4 Bc5 5. Be3 Nxd4 6. Bxd4 Qe7 7. Bxg7
Qxe4+ 8. Qe2 Qxe2+ 9. Bxe2 f6 10. Bxh8 Bd4 11. c3 Be5 12. O-O d6 13. f4 Bxf4
14. Rxf4 Be6 15. Bxf6 Nxf6 16. Rxf6 Bf7 17. Nd2 Ke7 18. Rff1 Rg8 19. Rxf7+ Kxf7
20. Bc4+ Ke7 21. Bxg8 Kd7 22. Bxh7 Kc6 23. Re1 Kd5 24. Be4+ Kc5 25. Bxb7 Kb6
26. Bf3 Kc5 27. Nb3+ Kc4 28. Re4+ Kb5 29. Rb4+ Ka6 30. Be2# 1-0

[Event "Junior Online 4NCL Division 5"]
[Site "online"]
[Date "2020.04.30"]
[Round "3.47"]
[White "Joshi, Aarav"]
[Black "Hatem, Mika"]
[Result "0-1"]
[WhiteElo "1150"]
[BlackElo "1450"]
[PlyCount "146"]
[EventDate "2020.04.30"]
[WhiteTeam "May the Fork Be With You 2"]
[BlackTeam "Hammersmith 2"]

1. e4 e5 2. Nf3 Nc6 3. Bc4 Bc5 4. c3 Nf6 5. d4 exd4 6. cxd4 Bb4+ 7. Nc3 Bxc3+
8. bxc3 d6 9. O-O O-O 10. Re1 Bg4 11. h3 Bh5 12. Rb1 b6 13. Bg5 a6 14. d5 Ne5
15. Be2 h6 16. Nxe5 Bxe2 17. Qxe2 dxe5 18. Bh4 Qd6 19. Red1 c5 20. a4 Kh8 21.
Bxf6 gxf6 22. Qh5 Kh7 23. Rd3 Qd7 24. Rg3 Rg8 25. Rxg8 Rxg8 26. Qf5+ Qxf5 27.
exf5 Rb8 28. a5 b5 29. Kf1 h5 30. Ke2 Kh6 31. Kf3 Kg5 32. g4 hxg4+ 33. hxg4 Rd8
34. Rd1 b4 35. cxb4 cxb4 36. Rb1 Rxd5 37. Rxb4 Rxa5 38. Kg3 Rb5 39. Rc4 a5 40.
Ra4 Rd5 41. f3 Rc5 42. Kf2 Kh4 43. Ke3 Kg3 44. Ra3 Rd5 45. Ke4 Rd4+ 46. Ke3 Rd5
47. Ke4 Rd4+ 48. Ke3 a4 49. Ke2 Kf4 50. Ra2 Rb4 51. Rd2 a3 52. Ra2 Ra4 53. Kf2
e4 54. fxe4 Kxe4 55. Kg3 Ra5 56. Re2+ Kd3 57. Ra2 Ke4 58. Re2+ Kd3 59. Ra2 Ke3
60. Kh4 Kf4 61. Kh5 Ra6 62. Rf2+ Kg3 63. Ra2 Ra5 64. Ra1 a2 65. Rg1+ Kf2 66.
Ra1 Ke2 67. Kh6 Kd2 68. Kg7 Kc2 69. Kxf7 Kb2 70. Kxf6 Kxa1 71. g5 Kb1 72. g6
a1=Q+ 73. Kg5 Qg7 0-1

[Event "Junior Online 4NCL Division 5"]
[Site "online"]
[Date "2020.04.30"]
[Round "3.48"]
[White "Harb, Laith A"]
[Black "Datta, Ishan"]
[Result "1-0"]
[WhiteElo "1390"]
[BlackElo "1195"]
[PlyCount "95"]
[EventDate "2020.04.30"]
[WhiteTeam "Hammersmith 2"]
[BlackTeam "May the Fork Be With You 2"]

1. d4 d6 2. c4 e5 3. dxe5 dxe5 4. Qxd8+ Kxd8 5. Nc3 Nc6 6. Bg5+ Be7 7. Rd1+ Bd7
8. Bxe7+ Ngxe7 9. Nf3 Kc8 10. e3 Bg4 11. Be2 e4 12. Nxe4 Nb4 13. a3 Nc2+ 14.
Kd2 Bf5 15. Bd3 Rd8 16. Kxc2 Bg4 17. Be2 Bf5 18. Rxd8+ Kxd8 19. Bd3 Bg4 20.
Neg5 h6 21. Nxf7+ Ke8 22. N7e5 Bxf3 23. Nxf3 Rd8 24. Rd1 g5 25. Be2 g4 26.
Rxd8+ Kxd8 27. Ne5 h5 28. Nd3 Nf5 29. Kd2 Ne7 30. f3 gxf3 31. Bxf3 h4 32. Bxb7
Nf5 33. h3 Nd6 34. Bf3 Nf5 35. e4 Ng3 36. e5 Nf1+ 37. Ke2 Ng3+ 38. Ke3 Nf5+ 39.
Ke4 Ng7 40. Nc5 Ke7 41. Kd5 Kd8 42. Ne6+ Nxe6 43. Kxe6 Ke8 44. Kf6 Kf8 45. e6
c6 46. e7+ Ke8 47. Ke6 c5 48. Bh5# 1-0

[Event "Junior Online 4NCL Division 5"]
[Site "online"]
[Date "2020.04.30"]
[Round "3.51"]
[White "Dholakia, Kanish"]
[Black "He, Tom Junde"]
[Result "0-1"]
[WhiteElo "771"]
[BlackElo "1397"]
[PlyCount "114"]
[EventDate "2020.04.30"]
[WhiteTeam "Phones Junior B"]
[BlackTeam "St Mary's Harborne"]

1. e4 e5 2. Nf3 Nc6 3. Bc4 h6 4. Nc3 Nf6 5. d3 Bc5 6. Be3 Bb4 7. a3 Bxc3+ 8.
bxc3 d6 9. d4 Nxe4 10. dxe5 dxe5 11. Qxd8+ Nxd8 12. Nxe5 O-O 13. Bd4 Nf6 14.
O-O Be6 15. Bd3 b6 16. Nf3 Kh8 17. Bxf6 gxf6 18. Be4 c6 19. Nd4 Rg8 20. h3 Bxh3
21. Kh2 Bd7 22. Rg1 Rc8 23. Nf5 Bxf5 24. Bxf5 Rc7 25. Bh3 Re7 26. g3 Re2 27.
Kg2 Rxc2 28. Rgc1 Rxc1 29. Rxc1 Re8 30. c4 Nb7 31. Bd7 Rd8 32. Bxc6 Na5 33. Bd5
Kg7 34. Kf3 b5 35. Kf4 bxc4 36. Bxc4 Rd4+ 37. Kf3 Rxc4 38. Re1 Rc3+ 39. Kg2 Rc7
40. Re3 Nc4 41. Rc3 Kg6 42. Kf3 Nd2+ 43. Ke2 Rxc3 44. Kxd2 Rxa3 45. Ke2 Rb3 46.
Kd2 a5 47. Kc2 a4 48. g4 Rb4 49. f3 a3 50. Kc3 Rb8 51. Kc2 a2 52. Kd3 a1=Q 53.
Ke4 Rb3 54. Kf4 Qa4+ 55. Kg3 Qa3 56. Kh4 Rxf3 57. g5 Rf4# 0-1

[Event "Junior Online 4NCL Division 5"]
[Site "online"]
[Date "2020.04.30"]
[Round "3.52"]
[White "Howett, Ralphie"]
[Black "Benson, Alice"]
[Result "0-1"]
[WhiteElo "1217"]
[BlackElo "740"]
[PlyCount "84"]
[EventDate "2020.04.30"]
[WhiteTeam "St Mary's Harborne"]
[BlackTeam "Phones Junior B"]

1. e4 c6 2. Nc3 d5 3. Nf3 dxe4 4. Ne5 Nf6 5. Bc4 e6 6. d4 Nbd7 7. Bg5 Nxe5 8.
dxe5 Qxd1+ 9. Rxd1 Nd5 10. O-O Bb4 11. a3 Bxc3 12. bxc3 O-O 13. Bb3 Nxc3 14.
Rd4 Ne2+ 15. Kh1 Nxd4 16. c3 Nxb3 17. Rg1 h6 18. Be7 Re8 19. Bd6 b5 20. Rb1 Nd2
21. Rd1 Nc4 22. Rd4 Bb7 23. Rxe4 Nxd6 24. exd6 c5 25. d7 Bxe4 26. dxe8=Q+ Rxe8
27. f3 Bd3 28. g3 a5 29. Kg2 b4 30. cxb4 axb4 31. axb4 cxb4 32. h4 Rc8 33. h5
b3 34. g4 b2 35. f4 b1=Q 36. f5 Be4+ 37. Kg3 Rc3+ 38. Kf4 Qb8+ 39. Kxe4 Rc4+
40. Ke3 Qb3+ 41. Ke2 Rc2+ 42. Ke1 Qb1# 0-1

[Event "Junior Online 4NCL Division 5"]
[Site "online"]
[Date "2020.04.30"]
[Round "3.53"]
[White "Kumar, Kabir"]
[Black "Madoc, Arthur"]
[Result "1-0"]
[WhiteElo "729"]
[BlackElo "1262"]
[PlyCount "93"]
[EventDate "2020.04.30"]
[WhiteTeam "Phones Junior B"]
[BlackTeam "St Mary's Harborne"]

1. d4 d5 2. c4 dxc4 3. e4 Nc6 4. Nf3 Nf6 5. Nc3 Be6 6. d5 Bxd5 7. exd5 Ne5 8.
Nxe5 Nxd5 9. Nxd5 c6 10. Nc3 f6 11. Nxc4 Qxd1+ 12. Nxd1 b5 13. Nce3 e5 14. Nc3
Bc5 15. Bd2 O-O 16. O-O-O Rac8 17. Nf5 g6 18. Nh6+ Kh8 19. Ng4 f5 20. Ne3 f4
21. Ng4 h5 22. Nxe5 Bxf2 23. Nxg6+ Kg7 24. Nxf8 Rxf8 25. Ne4 Bd4 26. Ng5 Kf6
27. Nh7+ Ke5 28. Nxf8 Bxb2+ 29. Kxb2 b4 30. Bxb4 c5 31. Bxc5 h4 32. Ng6+ Kf6
33. Ba6 h3 34. Nxf4 hxg2 35. Nxg2 Ke5 36. Bd6+ Ke4 37. Rhe1+ Kf5 38. Rd5+ Kg4
39. Re4+ Kf3 40. Rde5 Kxg2 41. Rc5 Kf3 42. Bb7 Kf2 43. Rc3 Kg2 44. Re2+ Kf1 45.
Ba6 Kg1 46. Bc5+ Kf1 47. Rc1# 1-0

[Event "Junior Online 4NCL Division 5"]
[Site "online"]
[Date "2020.04.30"]
[Round "3.54"]
[White "Mykhnenko, Marijka"]
[Black "Srivastava, Aditya"]
[Result "0-1"]
[WhiteElo "1015"]
[BlackElo "654"]
[PlyCount "52"]
[EventDate "2020.04.30"]
[WhiteTeam "St Mary's Harborne"]
[BlackTeam "Phones Junior B"]

1. e4 e5 2. Nf3 Nc6 3. Nc3 Nf6 4. Bc4 Bc5 5. O-O O-O 6. Ng5 h6 7. Nh3 Na5 8.
Bb3 Nxb3 9. cxb3 d5 10. exd5 Nxd5 11. Qf3 Nxc3 12. bxc3 f5 13. d3 Qe7 14. Re1
e4 15. dxe4 fxe4 16. Rxe4 Rxf3 17. Rxe7 Rxc3 18. Re5 Bd4 19. Rh5 Rxh3 20. gxh3
Bxa1 21. Rd5 Bxh3 22. Rc5 Rd8 23. f3 Bd4+ 24. Kh1 Bxc5 25. Be3 Bxe3 26. f4 Rd1#
0-1

[Event "Junior Online 4NCL Division 5"]
[Site "online"]
[Date "2020.04.30"]
[Round "3.55"]
[White "He, Tom Junde"]
[Black "Dholakia, Kanish"]
[Result "1-0"]
[WhiteElo "1397"]
[BlackElo "771"]
[PlyCount "51"]
[EventDate "2020.04.30"]
[WhiteTeam "St Mary's Harborne"]
[BlackTeam "Phones Junior B"]

1. d4 Nf6 2. Nc3 g6 3. e4 d6 4. Bc4 Bg7 5. Nf3 c5 6. dxc5 Bd7 7. cxd6 exd6 8.
Bf4 O-O 9. O-O Re8 10. Re1 Bg4 11. h3 Be6 12. Bxe6 Rxe6 13. e5 Ne8 14. exd6
Rxe1+ 15. Qxe1 Nxd6 16. Rd1 Bf8 17. Nb5 Nc6 18. Nxd6 Qc7 19. g3 Rd8 20. Nb5 Qc8
21. Rxd8 Nxd8 22. Qe8 a6 23. Nc7 Kg7 24. Bh6+ Kf6 25. Nd5+ Kf5 26. g4# 1-0

[Event "Junior Online 4NCL Division 5"]
[Site "online"]
[Date "2020.04.30"]
[Round "3.56"]
[White "Benson, Alice"]
[Black "Howett, Ralphie"]
[Result "1-0"]
[WhiteElo "740"]
[BlackElo "1217"]
[PlyCount "99"]
[EventDate "2020.04.30"]
[WhiteTeam "Phones Junior B"]
[BlackTeam "St Mary's Harborne"]

1. d4 d5 2. Bf4 Bf5 3. e3 Nf6 4. c4 dxc4 5. Bxc4 Nc6 6. Nc3 e6 7. h3 Bb4 8.
Nge2 Ne4 9. O-O e5 10. dxe5 Qh4 11. Nxe4 Bxe4 12. Ng3 O-O 13. Nxe4 h6 14. Qg4
Qe7 15. Bxh6 g6 16. Bxf8 Qxf8 17. Nf6+ Kg7 18. Qh4 Qh8 19. Qxh8+ Rxh8 20. a3
Be7 21. Nd5 Bh4 22. Rfd1 Nxe5 23. Bd3 Rd8 24. Be4 f5 25. Bf3 c6 26. Nf4 Re8 27.
Nd3 g5 28. Nxe5 Rxe5 29. g3 g4 30. gxh4 gxf3 31. Kh2 Re4 32. Rg1+ Kf6 33. Rad1
Rxh4 34. Rd4 f4 35. Rxf4+ Rxf4 36. exf4 c5 37. Rg3 b5 38. Rxf3 a5 39. Kg3 c4
40. Kg4 b4 41. axb4 axb4 42. f5 b3 43. h4 c3 44. Rxc3 Kg7 45. f6+ Kf7 46. h5
Kg8 47. h6 Kh7 48. f7 Kg6 49. f8=Q Kh7 50. Qg7# 1-0

[Event "Junior Online 4NCL Division 5"]
[Site "online"]
[Date "2020.04.30"]
[Round "3.57"]
[White "Madoc, Arthur"]
[Black "Kumar, Kabir"]
[Result "0-1"]
[WhiteElo "1262"]
[BlackElo "729"]
[PlyCount "104"]
[EventDate "2020.04.30"]
[WhiteTeam "St Mary's Harborne"]
[BlackTeam "Phones Junior B"]

1. e4 e5 2. Nf3 Nc6 3. Nc3 Nf6 4. d3 Bb4 5. Bd2 d6 6. Be2 Bg4 7. a3 Ba5 8. b4
Bb6 9. a4 a6 10. b5 Ne7 11. bxa6 bxa6 12. a5 Bc5 13. h3 Bh5 14. O-O Bb4 15. Rb1
Bxa5 16. Ra1 Bb6 17. Be3 c6 18. Bxb6 Qxb6 19. Na4 Qc7 20. d4 Rd8 21. dxe5 dxe5
22. Bd3 Nxe4 23. Re1 Ng5 24. g4 Nxh3+ 25. Kh1 Nxf2+ 26. Kg1 Nxd1 27. Rexd1 Bxg4
28. Kf2 Qa7+ 29. Kg3 Bxf3 30. Kxf3 O-O 31. Rh1 h6 32. Rh2 Qd4 33. Rah1 Qf4+ 34.
Ke2 Qg4+ 35. Kd2 Qb4+ 36. Nc3 Qf4+ 37. Ke2 Rxd3 38. Kxd3 Qd4+ 39. Ke2 Qxc3 40.
Rg1 Qxc2+ 41. Kf3 Qxh2 42. Rxg7+ Kxg7 43. Ke4 Qf4+ 44. Kd3 e4+ 45. Kd4 e3+ 46.
Kc5 e2 47. Kb6 e1=Q 48. Ka7 Qd4+ 49. Kb7 Qeb4+ 50. Kc7 Nd5+ 51. Kd7 Qb7+ 52.
Kd6 Rd8# 0-1

[Event "Junior Online 4NCL Division 5"]
[Site "online"]
[Date "2020.04.30"]
[Round "3.58"]
[White "Srivastava, Aditya"]
[Black "Mykhnenko, Marijka"]
[Result "1-0"]
[WhiteElo "654"]
[BlackElo "1015"]
[PlyCount "97"]
[EventDate "2020.04.30"]
[WhiteTeam "Phones Junior B"]
[BlackTeam "St Mary's Harborne"]

1. e4 e5 2. Nf3 Nc6 3. Bc4 Bc5 4. c3 Nf6 5. d4 exd4 6. cxd4 Bd6 7. e5 Bb4+ 8.
Bd2 Bxd2+ 9. Nbxd2 Ng8 10. Qb3 Qe7 11. O-O Na5 12. Qd3 Nxc4 13. Qxc4 d6 14.
exd6 Qxd6 15. Rfe1+ Ne7 16. Ne4 Qd7 17. Ne5 Qf5 18. Ng3 Qf6 19. Qxc7 O-O 20.
Nd7 Bxd7 21. Qxd7 Rfe8 22. Ne4 Qg6 23. Nd6 h6 24. Nxe8 Nf5 25. h3 Nh4 26. Qg4
Qxg4 27. hxg4 Rd8 28. Rad1 Rd5 29. Kh2 Ng6 30. f3 h5 31. Nc7 Rg5 32. gxh5 Rxh5+
33. Kg1 Rg5 34. d5 Nf4 35. g4 Nh3+ 36. Kg2 Nf4+ 37. Kg3 Nh5+ 38. Kh4 Rg6 39.
gxh5 Rg2 40. d6 Rh2+ 41. Kg4 Rg2+ 42. Kf4 Rxb2 43. d7 Rb4+ 44. Re4 g5+ 45. Kxg5
Rxe4 46. fxe4 Kg7 47. h6+ Kh7 48. Kf6 Kxh6 49. Rh1# 1-0

[Event "Junior Online 4NCL Division 5"]
[Site "online"]
[Date "2020.04.30"]
[Round "3.61"]
[White "Goldsmith, Henry"]
[Black "Wood, Philip A"]
[Result "0-1"]
[WhiteElo "778"]
[BlackElo "1427"]
[PlyCount "56"]
[EventDate "2020.04.30"]
[WhiteTeam "Rhydypenau Raiders"]
[BlackTeam "Hull and Friends 2"]

1. e4 e5 2. Nf3 Nc6 3. Bb5 a6 4. Bxc6 dxc6 5. Nxe5 Qe7 6. d4 f6 7. Nf3 Qxe4+ 8.
Be3 Bf5 9. Nc3 Qxc2 10. Qxc2 Bxc2 11. O-O O-O-O 12. Rfe1 Re8 13. Rac1 Bg6 14.
b4 Bxb4 15. Bf4 Rxe1+ 16. Nxe1 Ne7 17. Be3 Re8 18. Nd3 Bxd3 19. Rd1 Bg6 20. Ne2
Bh5 21. f3 Nd5 22. Bd2 Rxe2 23. Bxb4 Nxb4 24. Kf1 Re8 25. a3 Nd5 26. g4 Bg6 27.
Kg2 Ne3+ 28. Kf2 Nxd1+ 0-1